Catalog

Record Details

Catalog Search



Available copies

  • 2 of 2 copies available at LARL/NWRL Consortium.

Current holds

0 current holds with 2 total copies.

Show Only Available Copies
Location Call Number / Copy Notes Barcode Shelving Location Status Due Date
Karlstad LINK Site pb (Text) 35500005819154 Main Available -
Red Lake Falls Public Library pb (Text) 35500005269426 Main Available -

Record details

  • ISBN: 9780425265345
  • ISBN: 042526534X
  • Physical Description: 282 pages ; 18 cm
  • Edition: Berkley mass-market edition.
  • Publisher: New York : Berkley Books, 2014.

Content descriptions

Summary, etc.:
"When they put Ehron Lee Burrows away for a crime ... Read More
Subject: False imprisonment > Fiction.
Kidnapping > Fiction.
Genre: Western stories.
Suspense fiction.
LDR 02172cam a2200409Ii 4500
001161347
003LARL_NWRL_CONSORTIUM
00520140129171642.0
008130405s2014 nyu 000 f eng d
020 . ‡a9780425265345
020 . ‡a042526534X
035 . ‡a(OCoLC)837144354
040 . ‡aBTCTA ‡beng ‡erda ‡cBTCTA ‡dBDX ‡dZS3 ‡dYOL ‡dNRG
049 . ‡aNRGB
05014. ‡aPR9199.4.W3424 ‡bB53 2014
08204. ‡a813.6 ‡223
1001 . ‡aWallace, Stone, ‡d1957- ‡0(LARL_NWRL_CONSORTIUM)220908
24510. ‡aBlack ransom / ‡cStone Wallace.
250 . ‡aBerkley mass-market edition.
260 . ‡aNew York : ‡bBerkley Books, ‡c2014.
300 . ‡a282 pages ; ‡c18 cm
336 . ‡atext ‡2rdacontent
337 . ‡aunmediated ‡2rdamedia
338 . ‡avolume ‡2rdacarrier
520 . ‡a"When they put Ehron Lee Burrows away for a crime he didn't commit, they had no idea what the hellish desert prison would do to the once decent man. Escaping with the help of a murderous convict, Ehron Lee sets his mind to getting revenge on the two men he holds responsible for his imprisonment. Kidnapping their loved ones, he sets a ransom that can't be paid in cash...but in lives. But there is an even more dangerous threat to the huddled group of kidnappers and captives: an Apache uprising has cut them off from all help. As the danger grows, the group's members are forced to work together--or face annihilation..."-- Page [4] of cover.
650 0. ‡aFalse imprisonment ‡vFiction. ‡0(LARL_NWRL_CONSORTIUM)169335
650 0. ‡aKidnapping ‡vFiction. ‡0(LARL_NWRL_CONSORTIUM)165838
655 7. ‡aWestern stories. ‡2gsafd
655 7. ‡aSuspense fiction. ‡2gsafd
994 . ‡aC0 ‡bNRG
901 . ‡a161347 ‡bOCLC ‡c161347 ‡tbiblio

Additional Resources